| 000 | 00736nam a2200121Ia 4500 | ||
|---|---|---|---|
| 008 | 220616s9999||||xx |||||||||||||| ||und|| | ||
| 245 | 0 |
_aCare Home Stories _bAging, Disability, and Long-Term Residential Care |
|
| 546 | _aEnglish[eng] | ||
| 650 | _aSociology||Long-term Care||Institution||Identity||Life Course Narrative||Space||Old Age||Medicine||Aging Studies||Care||Sociology of Medicine||Cultural Studies||Dementia||Nursing||Nursing home care||Ontario | ||
| 700 | _aChivers, Sally||Kriebernegg, Ulla | ||
| 856 | _uhttps://library.oapen.org/bitstream/20.500.12657/30552/1/645356.pdf||https://library.oapen.org/bitstream/20.500.12657/30552/1/645356.pdf||https://library.oapen.org/bitstream/20.500.12657/30552/1/645356.pdf | ||
| 942 | _cEB | ||
| 999 |
_c20062 _d20062 |
||